| 000 | 01263nam a22002897a 4500 | ||
|---|---|---|---|
| 999 |
_c175713 _d175713 |
||
| 003 | dpl | ||
| 005 | 20200922105500.0 | ||
| 008 | 200922b ||||| |||| 00| 0 eng d | ||
| 010 | _aB-259283 | ||
| 020 |
_c200.00 _a8188314145 |
||
| 035 | _aB-259283 | ||
| 037 | _bCen Lib/Ret | ||
| 040 |
_aDPL _bHN _cDPL |
||
| 082 |
_a954.0841 _bरामसिं |
||
| 100 |
_aराम सिंह _92233 |
||
| 245 |
_aआजाद हिंद फौज के क्रांतिवीर / _cराम सिंह |
||
| 246 |
_aAzad hind fauz ke krantiveer / _bby Ram Singh |
||
| 260 |
_aदिल्ली _bचिन्मय ज्ञानपीठ _c2003 |
||
| 270 |
_a74 मेघा अपार्टमेन्ट, मयूर विहार-I _bदिल्ली _e110091 |
||
| 300 |
_a232पृ. _c21सेमी(सजिल्द) |
||
| 500 | _aअनुक्रमणिका शामिल | ||
| 650 |
_a भारत और दक्षिण एशिया _986904 |
||
| 650 |
_aक्रांतिवीर--जोहारसिंह खाती _994659 |
||
| 650 |
_aIndia and South Asia _990313 |
||
| 650 |
_aRevolutionary--Joharasingh Khati _994660 |
||
| 942 |
_2ddc _cHN _h954.0841 _mरामसिं |
||